00262nam a2200085 a 450000500170000000800410001705000180005824500860007650000140016220140414093827.0030502s19uu xx 00 eng d aVHS 300bR 22 aAt work in the differentiated classroom 3 :bplanning curriculum and instruction. a2 copies.